000 00435nam a2200181Ia 4500
005 20240823015203.0
008 240823s9999||||xx |||||||||||||| ||und||
041 _aENGLISH
082 _A621.3192 P5
100 _aChakrabarti A
245 0 _aNetwork Filters and Transmission Lines
250 _a3rd
260 _c2005
_bDhanpat Rai &
_aDelhi
500 _aYES
650 _aFilters
_bElectrical
942 _cBK
999 _c171842
_d171842